| 000 | 00950nam a2200277 a 4500 | ||
|---|---|---|---|
| 001 | 4025 | ||
| 003 | BD-RjUL | ||
| 005 | 20211208233824.0 | ||
| 008 | 131221m19811975sz i000 0 eng d | ||
| 020 | _a9221024660 (pbk.) | ||
| 020 | _a9221024695 | ||
| 035 |
_a9221024660 _a(BD-RjUL)4059 |
||
| 040 |
_aGSU _cGSU _beng _dBD-RjUL |
||
| 041 | _aeng | ||
| 082 |
_2338.4 _bTEC |
||
| 245 | 0 | 0 |
_aTechnology and employment in industry : _ba case study approach / _cedited by A.S. Bhalla ; foreword by Amartya Sen |
| 250 | _a2nd rev. and enl. ed. | ||
| 260 |
_aGeneva : _bInternational Labour Office, _cc1981. |
||
| 300 |
_axv, 389 p. : _bill ; _c25 cm. |
||
| 504 | _aBibliography: p. 381-389 | ||
| 650 | 0 |
_aTechnological innovations _xCase studies _912813 |
|
| 650 | 0 |
_aDeveloping countries _xTechnology _xCase studies _912814 |
|
| 650 | 0 |
_aProduction functions (Economic theory) _xCase studies _912815 |
|
| 700 | 1 |
_aBhalla, A. S. _912816 |
|
| 942 |
_2ddc _cBK _01 |
||
| 999 |
_c4025 _d4025 |
||